000 00366nam a22001217a 4500
082 _aTHE 200
100 _aMUHAMMAD ANAWAR-UL-HAQ,
_972890
245 _aTH-SOF-0632-AERIAL THREAT PERCEPTION ARCHITECTURE USING DATA MINING.PDF
260 _aNUST COLLEGE OF EME
_bISLAMABAD
_c2018
650 _aMS-CSE-8 MSTHESIS
700 _aDR SHOAB AHMED KHAN
_916053
942 _cCF
999 _c578860
_d578860